00265nam a2200121Ia 4500100001800000650001200018654001600030245003000046260003100076082001600107300000800123546001200131 aHall/Patrick  aEnglish aprogramming aProgramming for education bSunshine BooksaLondonc38 a1.642bHALL a209 aENGLISH